Statistics for Five Biggest Cities by Continent by Letter - B

Click here to take the quiz!

General Stats

  • This quiz has been taken 469 times
    (242 since last reset)
  • The average score is 21 of 30

Answer Stats

PopulationCountryCity% Correct
18,800,000ThailandBangkok
98%
19,800,000ChinaBeijing
98%
4,775,000SpainBarcelona
97%
4,725,000GermanyBerlin
97%
7,000,000IraqBaghdad
96%
2,700,000BelgiumBrussels
96%
1,090,000United StatesBirmingham
95%
9,600,000ColombiaBogotá
95%
16,400,000ArgentinaBuenos Aires
95%
3,125,000United KingdomBirmingham
95%
2,625,000HungaryBudapest
94%
7,750,000United StatesBoston
92%
3,150,000AustraliaBrisbane
92%
4,000,000BrazilBrasília
87%
12,200,000IndiaBengaluru
87%
3,525,000MaliBamako
86%
2,250,000Congo (Rep.)Brazzaville
82%
5,000,000BrazilBelo Horizonte
78%
2,800,000United StatesBaltimore
76%
1,190,000Central African RepublicBangui
75%
6,950,000IndonesiaBandung
63%
2,225,000BrazilBelém
54%
1,350,000United StatesBuffalo
46%
1,650,000NigeriaBenin City
40%
943,000United StatesBridgeport
20%
108,000AustraliaBallarat
13%
1,250,000AngolaBenguela
13%
101,000AustraliaBendigo
9%
75,000AustraliaBunbury
7%
71,000AustraliaBundaberg
5%

Score Distribution

Percentile by Number Answered

Percent of People with Each Score

Your Score History

You have not taken this quiz since the last reset